000 00209nam a2200097Ia 4500
008 240625s9999 xx 000 0 und d
041 _aeng
082 _a808.20 JHA
100 _aJHAMB ROHIT
245 _aHDFC BANK
999 _c35567
_d35567